Κατάλογος Βιβλιοθηκών Mediterranean College

Νοητικές Θύελλες / Παιδιά, Ηλεκτρονικοί Υπολογιστές και Δυναμικές Ιδέες (Record no. 5162)

MARC details
000 -LEADER
fixed length control field 01676cam a22002174a 4500
005 - ΗΜΕΡΟΜΗΝΙΑ ΚΑΙ ΩΡΑ ΤΕΛΕΥΤΑΙΑΣ ΕΝΗΜΕΡΩΣΗΣ
Πεδίο ελέγχου 20250605164205.0
008 - FIXED-LENGTH DATA ELEMENTS--GENERAL INFORMATION
Πεδίο ελέγχου σταθερού μήκους 250528s ||||||||||||||||||||||||d
035 ## - SYSTEM CONTROL NUMBER
System control number 19921
020 ## - ISBN
ISBN 9602100869
040 ## - ΠΗΓΗ ΚΑΤΑΛΟΓΟΓΡΑΦΗΣΗΣ
Φορέας πρωτότυπης καταλογογράφησης MC Athens Campus Library
Γλώσσα καταλογογράφησης Ελληνικά, Μοντέρνα (1453-)
Modifying agency MC Athens Campus Library
Κανόνες περιγραφικής καταλογογράφησης AACR2
245 1# - ΤΙΤΛΟΣ ΚΑΙ ΔΗΛΩΣΗ ΥΠΕΥΘΥΝΟΤΗΤΑΣ
Τίτλος Νοητικές Θύελλες / Παιδιά, Ηλεκτρονικοί Υπολογιστές και Δυναμικές Ιδέες
250 ## - EDITION STATEMENT
Edition statement 1st
260 ## - PUBLICATION, DISTRIBUTION, ETC.
Name of publisher, distributor, etc. Οδυσσέας,
Date of publication, distribution, etc. 1991
300 ## - PHYSICAL DESCRIPTION
Extent 286
520 ## - SUMMARY, ETC.
Summary, etc. Το παρόν βιβλίο ανιχνεύει τη συνεργασία παιδιών και υπολογιστών. Πρόλογος, Εισαγωγή, Τα Γρανάζια των Παιδικών μου Χρόνων, Υπολογιστές και Παιδιά, Ηλεκτρονικοί Υπολογιστές και Πληροφορικές Παιδείες, Μαθηφοβία: ο Φόβος της Μάθησης, Γεωμετρία Χελώνας: Μαθηματικά Φτιαγμένα για Μάθηση, Γλώσσες για Ηλεκτρονικούς Υπολογιστές και για Ανθρώπους, Μικρόκοσμοι: Εκκολαπτήρια Γνώσης, Δυναμικές Ιδέες σε Μπουκιές στο Μέγεθος Μυαλού, Οι Ρίζες της LOGO: Piaget και Τεχνητή Νοημοσύνη, Εικόνες της Μαθητικής Κοινωνίας, Επίλογος, Το Μαθηματικό Ασυνείδητο, Σημειώσεις, Ευρετήριο, Γλωσσάρι.
700 1# - ΠΡΟΣΘΕΤΗ ΑΝΑΓΡΑΦΗ--ΦΥΣΙΚΟ ΠΡΟΣΩΠΟ
Personal name Papert Seymour
9 (RLIN) 6076
700 1# - ΠΡΟΣΘΕΤΗ ΑΝΑΓΡΑΦΗ--ΦΥΣΙΚΟ ΠΡΟΣΩΠΟ
Personal name Κωτσάνης Γιάννης
9 (RLIN) 6077
942 ## - ADDED ENTRY ELEMENTS (KOHA)
Koha item type Books
Holdings
Τύπος τεκμηρίου Βιβλιοθήκη Τρέχουσα τοποθεσία Barcode Αριθμός εισαγωγής Ημερομηνία απόκτησης Ταξιθετικό σύμβολο Αριθμός αντιτύπου Κατάσταση απόσυρσης Κατάσταση χαμένου Κατάσταση κατεστραμμένου Μη δανεισμός Σύνολο δανεισμών Ημερομηνία τελευταίας εμφάνισης Η τιμή ισχύει από
Books MC Athens Campus Library MC Athens Campus Library 9780000051615 6127 05/06/2025 371.334 PAP 1           05/06/2025 05/06/2025

MC Athens Campus Library
Πατησίων 94 & Κοδριγκτώνος 13, 104 34
Πελλήνης 8 & Πατησίων 107, 112 51
Τ: +30 210 8899600

MC Thessaloniki Campus Library
Ίωνος Δραγούμη 21, 54625 | Ίωνος Δραγούμη 15, 54625
Τ: +30 2310 287779 – Τ: +30 2314 440300